Vallás és socialismus
Elmentve itt :
| Szerző: | |
|---|---|
| Adatforrás: | Philobibl |
| Forrásdokumentuma: | Bölcseleti Folyóirat 20.1905. p. 582-663. |
| Dokumentumtípus: | Cikk |
| Nyelv: | magyar |
| LEADER | 00280nab a2200097 c 4500 | ||
|---|---|---|---|
| 001 | bibPHI0032595 | ||
| 005 | 20200924123041.5 | ||
| 008 | 080925s1905 hu hun | ||
| 100 | 1 | |a Szilvek Lajos | |
| 245 | 1 | 0 | |a Vallás és socialismus |c Szilvek Lajos |
| 773 | 0 | |t Bölcseleti Folyóirat |g 20.1905. p. 582-663. | |